| 000 | 00804nam a2200289Ia 4500 | ||
|---|---|---|---|
| 001 | 86689 | ||
| 003 | IT-RoPAU | ||
| 008 | 130308s9999 xx 000 0 und d | ||
| 040 | _aIT-RoPAU | ||
| 040 | _cIT-RoPAU | ||
| 041 | _aSPAGNOLO | ||
| 100 | _aTrauner Alexandre | ||
| 100 | _gCodice Aut. SPICS: 30911 | ||
| 245 | _aObjetivo no es el ojo (El) | ||
| 245 | _bTextos Y manifiestos del Cine-Estetica. Escuelas. Movimientos. Disciplinas. Innovaciones | ||
| 250 | _a1a ed. | ||
| 260 | _aMADRID | ||
| 260 | _bCatedra | ||
| 260 | _c1989 [1° Ed.:1989 - Ed.Ling.Originale:1946] | ||
| 300 | _a"2 p. (prefazione: no ; testo: 2 [pagine: 412-413])" | ||
| 650 | _aTEORICHE CINEMATOGRAFICHE | ||
| 650 | _eCodice materia Spics: 6805 | ||
| 942 | _cBK | ||
| 957 | _71 | ||
| 999 |
_c52164 _d52164 |
||
| 999 | _bSI | ||
| 999 | _g1 | ||